000 00280nam a22001337a 4500
008 171021b xxu||||| |||| 00| 0 eng d
020 _a639785328933
041 _aeng
080 _a658
100 _a54
101 _aLID
245 _aVALUE SPACE
_cMITTAL, B
942 _2udc
_cBK
999 _c35287
_d35287